000 00333nam a22001337a 4500
008 170601b xxu||||| |||| 00| 0 eng d
020 _a2900684844410
041 _aeng
080 _a94(100)
100 _a17
101 _aSHH
245 _aTHE CLASH OF CIVILIZATIONS AND THE REMAKING OF WORLD ORDER
_cBESTSELLER,
942 _2udc
_cBK
999 _c15186
_d15186